03494nam a2200553Ia 45000010005000000080041000050100009000460410014000550820014000692450195000832600018002783000007002965200007003036300022003106300023003326300021003556300013003766500095003896900014004847000030004987000037005287000035005659010081006009020006006819030038006879040018007259050025007439060006007689070014007749080014007889090051008029100015008539110010008689120014008789130009008929140029009019150009009309160009009399170009009489180014009579190030009715201880010019210007028819220007028889230006028959240014029019420010029159990015029252141241029s9999 xx 000 0 und d a2004 aEspañol aNO APLICA 0aLa oferta curricular del centro universitario Regional del Este (CURE) y su vinculación con los requerimientos de profesionales de los sectores productivos de la provincia de la Altagracia aLa Altagracia a72 a29 aOferta Curricular aPerfil Profesional aRecursos Humanos aSalarios aEjes Transversales (El Trabajo como Medio de Realización Personal y Base del Desarrollo) aElaborado easesoraTavares, Miledys  eautoraCastillo, Rubén Darío eautoraRijo Núñez, Elvira  a{"1":"Castillo","2":"Rijo Núñez"}b{"1":"Rubén Darío","2":"Elvira "} a1 a{"1":"Tavares"}b{"1":"Miledys "} aMaestría en aEducación Superior a2 aNO APLICA aNO APLICA aUniversidad Autónoma de Santo Domingo (UASD) aNULLbNULL a["1"] aNO APLICA aNULL a01 de Septiembre de 2008 aNULL aNULL aNULL aNO APLICA a["147","157","268","270"] aEl objetivo general que se propuso esta investigación consistió en analizar la vinculación entre la Oferta Académica del Centro Universitario Regional del Este (CURE) y los requerimientos de profesionales de las empresas de la provincia La Altagracia.Esta investigación se ha clasificado en la categoría de descriptiva con un enfoque cualitativo y cuantitativo. La población que se utilizó en esta investigación asciende a 1,297 empresas, integradas por las empresas radicadas en la provincia La Altagracia.La muestra seleccionada fue de 223 empresas en el sector comercio, educación, turismo, servicios profesionales e industria. Los métodos utilizados fueron: método inductivo, método deductivo, método analítico y sintético y método estadístico y computacional. Las técnicas e instrumentos utilizados son: técnicas documentales y técnicas de encuesta o entrevista.Después de evaluar los objetivos propuestos, a través de esta investigación es factible colegir que definitivamente el Centro Universitario Regional del Este (CURE), necesita vincular su oferta curricular con los requerimientos de los sectores productivos de la provincia La Altagracia. Esto contribuirá a fortalecer el rol del CURE como academia y facilitará la actividad productiva a las empresas, porque encontrarían personal calificado en su propia región. Asimismo, abrirá un mercado de trabajo seguro para sus egresados.El estudio recomienda agregar carreras a las existentes; las carreras que arrojan los resultados de esta investigación a saber: Lenguas Modernas, Administración de Empresas, Turismo, Mercadeo, Sicología, Comunicación Social, Farmacia, Agrimensura, Bioanálisis, Producción Animal y Educación Física. Esto definiría el papel del CURE como académico, vinculado a las necesidades de los Sectores Productivos. a16 a16 a0 aNO APLICA cTesis c2004d2004